[Event "Litohoro Summer Cup"]
[Site "Litohoro"]
[Date "2006.07.26"]
[Round "5"]
[White "Kiratzopoulos, Efthimios"]
[Black "Georgiadis, Ioannis"]
[Result "0-1"]
[WhiteElo "2133"]
[BlackElo "2312"]
[PlyCount "100"]
[EventDate "2006.07.22"]
[EventType "swiss"]
[EventRounds "9"]
[EventCountry "GRE"]
[SourceTitle "CBM 113 Extra"]
[Source "ChessBase"]
[SourceDate "2006.09.14"]
[SourceVersion "1"]
[SourceVersionDate "2006.09.14"]
[SourceQuality "1"]

1. c4 Nf6 2. Nf3 e6 3. g3 d5 4. b3 c5 5. Bg2 Nc6 6. 0-0 Be7 7. Bb2 d4 8. e3 e5 9. exd4 exd4 10. d3 Bf5 11. Na3 0-0 12. Nc2 a5 13. Qd2 Qb6 14. Rfe1 Rfe8 15. Nh4 Be6 16. Rab1 Nd7 17. Nf3 Bf5 18. Ba1 Nb4 19. Bf1 Qg6 20. Nxb4 axb4 21. Ne5 Nxe5 22. Rxe5 Bd6 23. Rxe8+ Rxe8 24. Bb2 Ra8 25. Ra1 h5 26. a3 bxa3 27. Rxa3 Rxa3 28. Bxa3 h4 29. Qa5 Kh7 30. Qd8 hxg3 31. Qh4+ Qh6 32. Qxh6+ Kxh6 33. hxg3 Bg4 34. Bb2 Be7 35. b4 cxb4 36. Bxd4 Bf6 37. Be3+ Kh7 38. d4 b3 39. Bd3+ g6 40. Kf1 b2 41. Bb1 Bf5 42. Ba2 b1Q+ 43. Bxb1 Bxb1 44. Ke2 g5 45. Kd2 Kg6 46. Kc3 Kf5 47. Kb4 Ke4 48. d5 Be7+ 49. Kb5 Ba2 50. Ba7 Kd3 0-1

[Event "GRE-chT 35th"]
[Site "Ermioni Argolidas"]
[Date "2006.07.07"]
[Round "6"]
[White "Kiratzopoulos, Efthimios"]
[Black "Sandalakis, Angelos"]
[Result "0-1"]
[WhiteElo "2133"]
[BlackElo "2220"]
[PlyCount "100"]
[EventDate "2006.07.03"]
[EventType "team"]
[EventRounds "9"]
[EventCountry "GRE"]
[SourceTitle "CBM 113 Extra"]
[Source "ChessBase"]
[SourceDate "2006.09.14"]
[SourceVersion "1"]
[SourceVersionDate "2006.09.14"]
[SourceQuality "1"]

1. d4 Nf6 2. Nf3 e6 3. Bg5 b6 4. Nbd2 h6 5. Bxf6 Qxf6 6. e4 Bb7 7. Bd3 g6 8. 0-0 Bg7 9. c3 Qe7 10. Qe2 d6 11. Nc4 e5 12. dxe5 dxe5 13. Ne3 0-0 14. Nd2 Nd7 15. Bc4 c6 16. b4 b5 17. Bb3 a5 18. a3 Nf6 19. Rfd1 Bc8 20. f3 h5 21. Kh1 h4 22. Rab1 Nh5 23. c4 Nf4 24. Qf1 Qa7 25. c5 a4 26. Ba2 Rd8 27. Qf2 Qe7 28. Ndf1 Be6 29. g3 Bxa2 30. Qxa2 Ne6 31. Kg2 Qg5 32. Kf2 Nd4 33. Qb2 Qf6 34. Nd2 Rd7 35. Qc3 Rad8 36. Ng4 Qe6 37. Ne3 Bh6 38. Ndf1 Bg5 39. Rd3 Qh3 40. Ng4 f6 41. Rbd1 Kg7 42. Qb2 hxg3+ 43. hxg3 Qh5 44. Qb1 Rh8 45. Qb2 Rf7 46. Rxd4 exd4 47. Qxd4 Rc8 48. e5 fxe5 49. Nxe5 Bf6 50. Qg4 Bxe5 0-1